000 00304 a2200157 4500
001 50442
020 _a8574881570
040 _cAnchieta - Bela Vista
240 1 0 _aMogli
_lpor
245 1 0 _aMogli
300 _a16
362 0 _a0
440 1 _aGirassol
650 4 _aLiteratura infantil
942 _cBK
999 _c50442
_d50442